Indianapolis Colts Head Coaches - Statistics

General Stats
  • This quiz has been taken 61 times
    34 since last reset
  • The average score is 9 of 22
Answer Stats
Era Hint Answer % Correct
Indianapolis Colts 2002-2008 Tony Dungy
90%
Indianapolis Colts 2018-2022 Frank Reich
83%
Baltimore Colts 1963-1969 Don Shula
67%
Indianapolis Colts 2023 Shane Steichen
67%
Indianapolis Colts 2012-2017 Chuck Pagano
60%
Indianapolis Colts 2009-2011 Jim Caldwell
57%
Indianapolis Colts 1998-2001 Jim Mora
57%
Baltimore Colts 1975-1979 Ted Marchibroda
50%
Indianapolis Colts 1992-1995 Ted Marchibroda
50%
Baltimore Colts 1954-1962 Weeb Ewbank
47%
Baltimore Colts 1970-1972 Don McCafferty
40%
Baltimore & Indianapolis Colts 1982-1984 Frank Kush
37%
Indianapolis Colts 1986-1991 Ron Meyer
37%
Indianapolis Colts 1996-1997 Lindy Infante
33%
Indianapolis Colts 1985-1986 Rod Dowhower
30%
Baltimore Colts 1973-1974 Howard Schnellenberger
27%
Indianapolis Colts 1991* Rick Venturi
27%
Baltimore Colts 1980-1981 Mike McCormack
20%
Baltimore Colts 1974* Joe Thomas
17%
Baltimore Colts 1972* John Sandusky
17%
Baltimore Colts 1953 Keith Molesworth
17%
Indianapolis Colts 1984* Hal Hunter
13%
No matching quizzes found
Score Distribution
Percent of People with Each Score
Percentile by Number Answered
Your Score History
You have not taken this quiz since the last reset